000 00663nam a2200253Ia 4500
003 OSt
005 20221007105321.0
006 a|||||r|||| 00| 0
007 ta
008 221006b |||||||| |||| 00| 0 eng d
024 _a18,236
037 _cTextual
040 _aLCO
_cLCO
_beng
041 _2eng
_aeng
082 _aZ2,30b5W, L4
100 _aRao P.Seshagiri
_9526523
245 0 _aContractors Vs Government.
250 _a1st
260 _aAndra
_bPredesh Sri Sai Publication India
_c1974
300 _a164+vi
650 _aCONTRACTOR
_9706534
942 _hZ2,30b5W, L4
_cTEXL
999 _c1187799
_d1187799